000 00397nam a22001697a 4500
999 _c257195
_d257194
003 OSt
005 20180822101120.0
008 180822b xxu||||| |||| 00| 0 eng d
020 _a0131891243
040 _cn/a
050 _aHM51
_b.M33 2005
100 _aJohn J. Macionis
245 _aSociology
250 _a10th ed
260 _aNew jersey
_bPearson prentice hall
_c2005
942 _2lcc
_cBK